Marco curricular para la educación media técnico-profesional: objetivos, estructura y modelo curricular
Tallennettuna:
| Yhteisötekijä: | |
|---|---|
| Aineistotyyppi: | Kirja |
| Kieli: | espanja |
| Julkaistu: |
Santiago
Revista de Educación
1983
|
| Aiheet: | |
| Tagit: |
Lisää tagi
Ei tageja, Lisää ensimmäinen tagi!
|
MARC
| LEADER | 00000nam a2200000 a 4500 | ||
|---|---|---|---|
| 001 | UCY9008 | ||
| 003 | CL-VaPUC | ||
| 008 | 950707e19830000CL |||||||||||||||||spa|d | ||
| 082 | 0 | 4 | |a 373.19 |b MIN |2 21 |
| 110 | 2 | |a Ministerio de Educación. Dirección de Educación |e author |9 340959 | |
| 245 | 1 | 0 | |a Marco curricular para la educación media técnico-profesional: objetivos, estructura y modelo curricular |
| 300 | |a 76 p | ||
| 942 | |c BK | ||
| 945 | |d 19950707 00:00:00 |a cmena | ||
| 260 | |a Santiago |b Revista de Educación |c 1983 | ||
| 500 | |a Manual 500-06-2 que imparte instrucciones, aprobado por Resolución Exenta N§1850, del 29 de julio de 1983 | ||
| 650 | 0 | |a Currículo |9 307290 | |
| 650 | 7 | |a NORMAS EDUCACIONALES |2 CL-VaPUC |9 340784 | |
| 650 | 0 | |a Calidad de la educación |9 307271 | |
| 650 | 0 | |a Planificación de la educación |9 307333 | |
| 650 | 0 | |a Formación profesional |9 257232 | |
| 650 | 0 | |a Educación técnica |9 307052 | |
| 651 | 7 | |a CHILE |2 CL-VaPUC |9 340960 | |
| 583 | |a last modification |c 20170829 12:27:06 |k Rodrigo Vera | ||
| 999 | |c 236182 |d 236180 | ||
| 952 | |0 0 |1 0 |4 0 |6 373_190000000000000_MIN_1983 |7 0 |8 P |9 244078 |a BIBEDU |b BIBEDU |c BIBEDU_PB |d 2019-11-18 |i 1529935 |o 373.19 MIN 1983 |p 1529935 |r 2024-01-25 |w 2019-11-18 |y BK |k EDU | ||
| 952 | |0 0 |1 0 |4 0 |6 373_190000000000000_MIN_1983 |7 0 |8 P |9 244080 |a BIBEDU |b BIBEDU |d 2019-11-18 |i 3457753 |o 373.19 MIN 1983 |p 3457753 |r 2019-11-18 |w 2019-11-18 |y BK |k BME | ||